00713nam a22002057a 450000500170000001000150001702000110003203500130004303700130005608200110006910000190008024500700009926000400016927000820020930000230029170000170031494200250033199900170035695201340037320140314130228.0 aENG-109467 c220.00 aEN-93000 bDBAD/PUB a574.19 aRagland, Annie00aBiochemistry and biophysics /cby Annie Ragland [and] N. Arumugam aKanyakumaribSaras Publicatonc2013 a114/35G, A.R.P. Camp Road, Periavilai, Kottar, NagercoilbKanyakumarie629002 axi,292pc22cm(pbk) aArumugam, N. 2ddccENmRAGh574.19 c82749d82749 001040718NFICaDBADbDBADd2014-02-25eDBAD/PUBg80.00l0o571.64 RAGpEN-93000r2014-02-25 00:00:00t1v80.00w2014-02-25yEN